| 000 | 00452nam a2200169Ia 4500 | ||
|---|---|---|---|
| 003 | OSt | ||
| 005 | 20260310112514.0 | ||
| 008 | 211028s2012 xx 000 0 und d | ||
| 040 | _cAIMIT LIBRARY | ||
| 041 | _aeng | ||
| 100 |
_aV P, Jithin; Suvaris, Roshan D. _g91709 _93600 |
||
| 110 |
_aSuchetha Vijayakumar. _93601 |
||
| 245 | _aShip my Cargo / | ||
| 260 |
_aMangalore _c2012 |
||
| 710 |
_aKeltron Componanat Complex Ltd _93602 |
||
| 942 |
_2ddc _cPRO |
||
| 999 |
_c217287 _d217287 |
||